LEADER 02931oam 2200577I 450 001 9910792089703321 005 20230120080148.0 010 $a1-280-13999-4 010 $a1-134-70703-7 010 $a0-203-97818-8 010 $a9786610139996 010 $a1-283-60461-2 010 $a9786613917065 010 $a1-134-70704-5 024 7 $a10.4324/9780203978184 035 $a(CKB)2560000000092981 035 $a(EBL)237301 035 $a(OCoLC)133817783 035 $a(MiAaPQ)EBC237301 035 $a(MiAaPQ)EBC5292670 035 $a(EXLCZ)992560000000092981 100 $a20180706d1997 uy 0 101 0 $aeng 200 00$aYoung people's involvement in sport /$fedited by John Kremer, Karen Trew and Shaun Ogle 210 1$aLondon ;$aNew York :$cRoutledge,$d1997. 215 $a1 online resource (293 p.) 225 1 $aAdolescence and Society 300 $aDescription based upon print version of record. 311 $a0-415-16649-7 327 $aCover; Young people's involvement in sport; Copyright; Contents; List of figures; List of tables; List of contributors; Preface; 1 Introduction; 2 Gender issues in sport participation; 3 Individual differences and intrinsic motivations for sport participation; 4 Predictors, patterns and policies for post-school participation; 5 Age and sport participation; 6 Sport and community background; 7 Time for sport? Activity diaries of young people; 8 Focus group interviews with e?lite young athletes, coaches and parents; 9 Modelling participation motivation in sport 327 $a10 International perspectives on public policy and the development of sport for young people 11 Technical report; Appendix: SCNI survey; Index 330 $aBased on survey data derived from face-to-face interviews with 2,400 schoolchildren, 600 four-day diaries and focus groups with both elite performers, coaches and parents, the book offers a comprehensive overview of young people's involvement in sport and physical activity in the 1990's. Deliberately set in the context of the literature on sport involvement and participation motivation, and alongside wider policy concerns, individual contributors each have accessed the data in order to address a particular substantive topic. Given the almost complete absence of hard data currently available 410 0$aAdolescence and Society 606 $aRecreational surveys 606 $aSports 606 $aSports for children 615 4$aRecreational surveys. 615 4$aSports. 615 4$aSports for children. 676 $a796.083 676 $a796/.083/09416 701 $aKremer$b John$f1956-$01574996 701 $aOgle$b Shaun$01574997 701 $aTrew$b Karen J$01574998 801 0$bAU-PeEL 801 1$bAU-PeEL 801 2$bAU-PeEL 906 $aBOOK 912 $a9910792089703321 996 $aYoung people's involvement in sport$93851659 997 $aUNINA LEADER 03463nam 22006135 450 001 9910437626703321 005 20230810172142.0 010 $a9783030637279 010 $a3030637271 024 7 $a10.1007/978-3-030-63727-9 035 $a(CKB)5590000000433592 035 $a(DE-He213)978-3-030-63727-9 035 $a(MiAaPQ)EBC6463399 035 $a(EXLCZ)995590000000433592 100 $a20210124d2020 u| 0 101 0 $aeng 135 $aurnn|008mamaa 181 $ctxt$2rdacontent 182 $cc$2rdamedia 183 $acr$2rdacarrier 200 14$aThe History of Physical Culture in Ireland /$fby Conor Heffernan 205 $a1st ed. 2020. 210 1$aCham :$cSpringer International Publishing :$cImprint: Palgrave Macmillan,$d2020. 215 $a1 online resource (XV, 280 p. 8 illus., 2 illus. in color.) 311 08$a9783030637262 311 08$a3030637263 320 $aIncludes bibliographical references and index. 327 $a1. Introduction -- 2. Combating the 'Evils of Civilisation': Recreational Physical Culture in Pre-Independence Ireland -- 3. 'With this atmosphere of unrest and sinister rumours...': Military Physical Culture in Pre-Independence Ireland -- 4. 'The production and maintenance of health in body and mind': Educational Physical Culture in Pre-Independence Ireland -- 5. 'Physical culture is good for body and soul.': Recreational Physical Culture in Interwar Ireland -- 6. 'Embracing the Whole Gambit of Physical Exercise.': Interwar Military Physical Culture -- 7. "In Ireland the subject of physical training had perhaps, been neglected": Interwar Physical Culture in Schools -- 8. Conclusion: 'Physical Culture is Nation's Need.'. 330 $aThis book is the first to deal with physical culture in an Irish context, covering educational, martial and recreational histories. Deemed by many to be a precursor to the modern interest in health and gym cultures, physical culture was a late nineteenth and early twentieth century interest in personal health which spanned national and transnational histories. It encompassed gymnasiums, homes, classrooms, depots and military barracks. Prior to this work, physical culture's emergence in Ireland has not received thorough academic attention. Addressing issues of gender, childhood, nationalism, and commerce, this book is unique within an Irish context in studying an Irish manifestation of a global phenomenon. Tracing four decades of Irish history, the work also examines the influence of foreign fitness entrepreneurs in Ireland and contrasts them with their Irish counterparts. 606 $aGreat Britain$xHistory 606 $aSocial history 606 $aSports$xHistory 606 $aWomen$xHistory 606 $aHistory of Britain and Ireland 606 $aSocial History 606 $aSport History 606 $aWomen's History / History of Gender 615 0$aGreat Britain$xHistory. 615 0$aSocial history. 615 0$aSports$xHistory. 615 0$aWomen$xHistory. 615 14$aHistory of Britain and Ireland. 615 24$aSocial History. 615 24$aSport History. 615 24$aWomen's History / History of Gender. 676 $a613.7109415 700 $aHeffernan$b Conor$0996180 801 0$bMiAaPQ 801 1$bMiAaPQ 801 2$bMiAaPQ 906 $aBOOK 912 $a9910437626703321 996 $aThe history of physical culture in Ireland$92283003 997 $aUNINA